000 01017nam a2200325 a 4500
001 000113377
003 CHAP
005 20220329144351.0
008 170614s2012 mx a |r| ||1|||spa d
010 _a109838
011 _a110810
020 _a9786071507792
040 _cCHAP
082 0 4 _a532
_bC39 2012
100 0 0 _aCengel, Yunus A.
_920958
245 1 0 _aMecánica de fluidos :
_bfundamentos y aplicaciones /
_cpor Yunus A. Cengel y John M. Cimbala.
250 _a2 ed.
260 _aMéxico, D.F. :
_bMcGraw-Hill,
_c2012.
300 _axiii, 978 p. :
_bil.
534 _pTít. original :
_tFluid Mechanics. Fundamentals and Applicatios
590 _aBATCH-UPD
_b10
_c20170614
_lUCH01
_h1003
590 _aE11695DGD
_b10
_c20170614
_lUCH01
_h1002
590 _aE5765TAJ
_b05
_c20170614
_lUCH01
_h0831
650 1 4 _aDinámica de fluídos.
_932627
650 1 4 _aMecánica de fluidos
_xEstudio y enseñanza.
_9132588
700 1 _aCimbala, John M.
_9132587
901 _aBK
942 _cLIBRO
942 _n0
999 _c109838
_d109838